|
|
|
|
| LEADER |
01873nam a2200445 i 4500 |
| 001 |
EBC4857529 |
| 003 |
MiAaPQ |
| 005 |
20200520144314.0 |
| 006 |
m o d | |
| 007 |
cr cnu|||||||| |
| 008 |
170606t20172017dcuab ob 000 0 eng d |
| 020 |
|
|
|z 9781464810442
|
| 020 |
|
|
|a 9781464810459 (e-book)
|
| 035 |
|
|
|a (MiAaPQ)EBC4857529
|
| 035 |
|
|
|a (Au-PeEL)EBL4857529
|
| 035 |
|
|
|a (CaPaEBR)ebr11383894
|
| 035 |
|
|
|a (CaONFJC)MIL1010198
|
| 035 |
|
|
|a (OCoLC)987255106
|
| 040 |
|
|
|a MiAaPQ
|b eng
|e rda
|e pn
|c MiAaPQ
|d MiAaPQ
|
| 050 |
|
4 |
|a HT148.A2
|b .L355 2017
|
| 082 |
0 |
|
|a 307.76096
|2 23
|
| 100 |
1 |
|
|a Lall, Somik V.,
|e author.
|
| 245 |
1 |
0 |
|a Africa's cities :
|b opening doors to the world /
|c Somik Vinay Lall, J. Vernon Henderson, Anthony J. Venables ; with [nine others].
|
| 264 |
|
1 |
|a Washington, District of Columbia :
|b World Bank Publications,
|c 2017.
|
| 264 |
|
4 |
|c 2017
|
| 300 |
|
|
|a 1 online resource (165 pages) :
|b color illustrations, maps
|
| 336 |
|
|
|a text
|2 rdacontent
|
| 337 |
|
|
|a computer
|2 rdamedia
|
| 338 |
|
|
|a online resource
|2 rdacarrier
|
| 504 |
|
|
|a Includes bibliographical references.
|
| 588 |
|
|
|a Description based on print version record.
|
| 590 |
|
|
|a Electronic reproduction. Ann Arbor, MI : ProQuest, 2016. Available via World Wide Web. Access may be limited to ProQuest affiliated libraries.
|
| 650 |
|
0 |
|a Cities and towns
|z Africa.
|
| 650 |
|
0 |
|a Community development, Urban
|z Africa.
|
| 655 |
|
4 |
|a Electronic books.
|
| 700 |
1 |
|
|a Henderson, J. Vernon,
|e author.
|
| 700 |
1 |
|
|a Venables, Anthony,
|e author.
|
| 776 |
0 |
8 |
|i Print version:
|a Lall, Somik V.
|t Africa's cities : opening doors to the world.
|d Washington, District of Columbia : World Bank Publications, c2017
|h 162 pages
|z 9781464810442
|
| 797 |
2 |
|
|a ProQuest (Firm)
|
| 856 |
4 |
0 |
|u https://ebookcentral.proquest.com/lib/matrademy/detail.action?docID=4857529
|z Click to View
|